| 000 | 00527nam a2200205Ia 4500 | ||
|---|---|---|---|
| 003 | GCL | ||
| 008 | 140319s9999 xx 000 0 eng d | ||
| 040 |
_aGCL / _cGCL |
||
| 082 | 0 | 4 |
_a611 _bG H |
| 100 | 1 | _aWILLAN, P.L.T. | |
| 245 | 1 | 0 |
_aHUMAN ANATOMY, 2nd ed / _cWILLAN, P.L.T. |
| 700 | 1 | _aGOSLING, J.A. | |
| 700 | 1 | _aHAORIS,P.F. | |
| 700 | 1 | _aWHITMORE, I. | |
| 260 |
_a[S.N] : _bGOWER MEDICAL PUBLISHING ، _c1994 |
||
| 300 | _aVariables | ||
| 650 | 0 | 4 | _aMEDICAL SCIENCE |
| 650 | 0 | 4 | _aHUMAN - ANATOMY |
| 942 |
_2ddc _cBK |
||
| 999 |
_c16517 _d16517 |
||